Ιστορία των επαναστάσεων της Κρήτης
Αποθηκεύτηκε σε:
| Κύριος συγγραφέας: | |
|---|---|
| Άλλοι συγγραφείς: | , |
| Μορφή: | Βιβλίο |
| Γλώσσα: | Greek |
| Δημοσίευση: |
Αθήναι :
Ν. Ι. Βαρδινογιάννη,
1893.
|
| Θέματα: | |
| Ετικέτες: |
Προσθήκη ετικέτας
Δεν υπάρχουν, Καταχωρήστε ετικέτα πρώτοι!
|
MARC
| LEADER | 00000cam a2200000 a 4500 | ||
|---|---|---|---|
| 001 | 1/121136 | ||
| 008 | 200323s1893####gr | ||| |||| ||gre|| | ||
| 040 | |a GR-MyUa |b gre |c GR-MyUa |e AACR2 | ||
| 041 | 0 | |a gre | |
| 082 | 7 | |a 938.28 |2 (23) | |
| 100 | 1 | |a Ζαμπέλιος, Σπυρίδων, |d 1815-1881. | |
| 245 | 1 | 0 | |a Ιστορία των επαναστάσεων της Κρήτης / |c Ζαμπελίου και Κριτοβουλίδου ; συμπληρωθείσα υπό Ιωάννου Δ. Κονδυλάκη. |
| 260 | |a Αθήναι : |b Ν. Ι. Βαρδινογιάννη, |c 1893. | ||
| 300 | |a 834 σ. ; |c 21 εκ. | ||
| 651 | 0 | |a Crete (Greece) |x History. | |
| 700 | 1 | |a Κριτοβουλίδης, Κυριάκος Καλλίνικος, |d 1792-1868. | |
| 700 | 1 | |a Κονδυλάκης, Ιωάννης Δ., |d 1861-1920. | |
| 852 | |a INST |b SYROS |e 20200323 |h 938.28 ΖΑΜ |p 005500015005 |q 005500015005 |t NOLOAN |y 23 | ||
| 920 | |a Σαρτζετάκης |b Ιωάννης |y Σύρος |z 2020-03 | ||
| 970 | |a Κοντού |b Παρασκευή |z 23/03/2020 | ||